000 02947nam a2200289 4500
005 20250329165421.0
008 190730s2020 000 0 eng d
040 _aCO-CtgCURN
_bspa
_ccoctgcurn
041 0 _aspa
082 0 _aCOP 2020
_bP977
100 1 _aPuello Muñoz, Elda Rosa.
245 1 0 _aAnálisis del control interno como mecanismo preventivo en el lavado de activo empresarial /
_cElda Rosa Puello Muñoz, Yalimar Zabaleta Carrillo; José Zambrano.
260 _aCartagena de Indias :
_bCorporacion Universitaria Rafael Nuñez,
_c2020.
260 _c2020.
300 _a72 Hojas.
336 _2rdacontent
_atext
_btxt
337 _2rdacarrier
_asin mediacion
_bn
338 _2rdacarrier
_avolumen
_bnc
502 _aTrabajo de grado (Contaduria Publica). Corporacion Universitaria Rafael Nuñez. Facultad de Ciencias contables y administrativas. Contaduria Publica, 2020.
520 _a"Debido al crecimiento inherente y apresurado de las empresas los sistemas de control interno han tomado relevancia, pues se han convertido en un instrumento que le permite a la gerencia evaluar la eficacia y eficiencia en los procesos frente a los logros trazados con anterioridad, jugando de esta manera un papel fundamental dentro de la gestión pues permite evidenciar el valor agregado de las actividades cuando se desarrollan en debida forma. El control interno es un componente sumamente importante para la gerencia pues se encarga de medir y evaluar la eficiencia de los procesos realizados en la empresa, también asesora a la dirección para el mejoramiento de la gestión en la administración, valorando y estimando los planes establecidos por la gerencia, estipulando correctivos de ser necesario para que haya un mejor engranaje en los procesos de la empresa. Considerando que el control interno posee una serie de criterios este tiene la misión de mitigar una serie de riesgos existentes en la administración, con el objetivo de lograr la transparencia administrativa en cada uno de los procesos realizados por la gerencia. Por otro lado también tiene como objetivo diseñar las pautas para que se realicen dichos procedimientos y establecer las partes necesarias que permitan generar confianza en la información que este suministra cumpliendo con los lineamientos establecidos en la norma general vigente y así previniendo la mayor parte de los riesgos inherente como fraudes y salvaguardando los activos del ente económico y logrando una gestión con mayor eficiencia.."
650 0 _aContaduria pública
_vTesis y disertaciones academicas.
700 1 _aZabaleta Carillo, Yelimar,
_ecoautor.
700 1 _aZambrano, José,
_edirector.
856 _uhttps://unicurn.sharepoint.com/:b:/s/biblioteca/Ef1locvq0T1BoENVBs9oyvcBaafe75gwdiJSyB6oUTZDqQ?e=8f1QeB
_zClick aqui para ver el recurso en texto completo
942 _cTG
_hCOP 2020
_iP977
999 _c3282
_d3282